[Event "Rouen op 9th"]
[Site "Rouen"]
[Date "2016.12.19"]
[Round "5"]
[White "Benassis, Nicola Henri"]
[Black "Fourcart, Marc"]
[Result "1/2-1/2"]
[WhiteElo "1448"]
[BlackElo "1706"]
[PlyCount "101"]
[EventDate "2016.12.17"]
[EventType "swiss"]
[EventRounds "7"]
[EventCountry "FRA"]
[SourceTitle "CBM 176 Extra"]
[Source "ChessBase"]
[SourceDate "2017.03.02"]
[SourceVersion "1"]
[SourceVersionDate "2017.03.02"]
[SourceQuality "1"]

1. e4 c5 2. Nf3 d6 3. c3 d5 4. exd5 Qxd5 5. d4 Bg4 6. Be2 Nc6 7. Be3 e6 8. 0-0 c4 9. Nbd2 b5 10. Ng5 Bxe2 11. Qxe2 h6 12. Nge4 Nf6 13. Qf3 0-0-0 14. Ng3 Qxf3 15. Nxf3 g5 16. b3 Nd5 17. Ne2 Bd6 18. bxc4 bxc4 19. Rfb1 Kc7 20. Nd2 Nb6 21. a4 Rb8 22. a5 Nd5 23. Nxc4 f5 24. Bc1 Rhe8 25. h3 e5 26. dxe5 Bxe5 27. Bd2 Bf6 28. Kf1 Re4 29. Rxb8 Nxb8 30. Na3 a6 31. c4 Bxa1 32. cxd5 Re5 33. Nf4 Re4 34. Nd3 Nd7 35. Nc2 Bf6 36. f3 Ra4 37. Ne3 f4 38. Nf5 Ne5 39. Nc5 Ra2 40. Nxa6+ Kd8 41. Bc3 Rc2 42. Bb4 Nd3 43. Nxh6 Rf2+ 44. Kg1 Bd4 45. Kh2 Rf1 46. Nf7+ Ke8 47. Nd6+ Kd7 48. Nb8+ Kd8 49. Nc6+ Kd7 50. Nb8+ Kc7 51. Na6+ 1/2-1/2

[Event "FRA-chT4 1516"]
[Site "Champagne Ardennes"]
[Date "2016.01.24"]
[Round "2.5"]
[White "Mondeel, Paul"]
[Black "Fourcart, Marc"]
[Result "0-1"]
[WhiteElo "1533"]
[BlackElo "1696"]
[PlyCount "124"]
[EventDate "2015.12.06"]
[EventType "team-tourn"]
[EventRounds "7"]
[EventCountry "FRA"]
[SourceTitle "EXT 2024"]
[Source "ChessBase"]
[SourceDate "2023.10.10"]
[SourceVersion "1"]
[SourceVersionDate "2023.10.10"]
[SourceQuality "1"]

1. e4 c5 2. c3 d5 3. exd5 Qxd5 4. c4 Qd8 5. Nf3 Nc6 6. Be2 Nf6 7. 0-0 g6 8. b3 Bg7 9. Bb2 0-0 10. Nc3 Bf5 11. d3 Nb4 12. Ne1 Qd7 13. a3 Nc6 14. Nf3 b6 15. Nh4 Rad8 16. Nxf5 Qxf5 17. g4 Qd7 18. Bf3 Nd4 19. g5 Nxf3+ 20. Qxf3 Qg4+ 21. Qg3 Qxg3+ 22. fxg3 Ng4 23. Nd1 Rxd3 24. Bxg7 Kxg7 25. b4 Rb8 26. Re1 Rbd8 27. bxc5 bxc5 28. Nb2 Re3 29. Na4 Rd2 30. Nxc5 Rxe1+ 31. Rxe1 Nxh2 32. Rxe7 Nf3+ 33. Kf1 Nxg5 34. Rxa7 Rc2 35. Ra4 Rc3 36. Nb7 Rxg3 37. c5 Rc3 38. Ra6 Ne6 39. c6 h5 40. a4 h4 41. Nd6 g5 42. a5 Rc2 43. Rb6 h3 44. Kg1 g4 45. c7 Nxc7 46. Rb1 Kg6 47. Ra1 Na6 48. Rb1 Ra2 49. Nb7 Kg5 50. Nd6 Rxa5 51. Nxf7+ Kh4 52. Nd6 Rd5 53. Ne4 Rd4 54. Re1 Nc7 55. Kh2 Nd5 56. Re2 Nf4 57. Re1 Ra4 58. Re3 Ra2+ 59. Kh1 Rg2 60. Nf6 g3 61. Ne4 Rh2+ 62. Kg1 Ne2+ 0-1

[Event "FRA-chT4 1516"]
[Site "Champagne Ardennes"]
[Date "2015.10.04"]
[Round "1.5"]
[White "Durant, Marie"]
[Black "Fourcart, Marc"]
[Result "1/2-1/2"]
[WhiteElo "1848"]
[BlackElo "1683"]
[PlyCount "91"]
[EventDate "2015.12.06"]
[EventType "team-tourn"]
[EventRounds "7"]
[EventCountry "FRA"]
[SourceTitle "EXT 2024"]
[Source "ChessBase"]
[SourceDate "2023.10.10"]
[SourceVersion "1"]
[SourceVersionDate "2023.10.10"]
[SourceQuality "1"]

1. e4 c5 2. Nf3 d6 3. d4 cxd4 4. Nxd4 Nf6 5. Nc3 g6 6. Be2 Bg7 7. Be3 0-0 8. 0-0 Nc6 9. Qd2 Ng4 10. Bxg4 Bxg4 11. Nxc6 bxc6 12. Bh6 Be6 13. Bxg7 Kxg7 14. Ne2 Qb6 15. Qc3+ Kg8 16. Kh1 Rab8 17. b3 Qb4 18. Qxb4 Rxb4 19. c4 a5 20. Nd4 Rb6 21. f4 a4 22. f5 Bd7 23. Rab1 c5 24. Nc2 axb3 25. axb3 Bc6 26. Rfe1 Rfb8 27. Na1 Bb7 28. Re3 Ba6 29. Rf1 Ra8 30. h4 Bb7 31. fxg6 hxg6 32. Re2 Rba6 33. Nc2 Ra2 34. Rff2 Rb2 35. e5 Rxb3 36. exd6 e6 37. Ne3 Rd8 38. Rb2 Rxe3 39. Rxb7 f5 40. Rd2 Re4 41. Ra2 Rxh4+ 42. Kg1 Rh7 43. Rc7 Rhd7 44. Raa7 Rxd6 45. Rg7+ Kf8 46. Raf7+ 1/2-1/2

[Event "FRA-chT4 1415"]
[Site "Champagne Ardennes"]
[Date "2014.12.14"]
[Round "3.3"]
[White "George, Michael"]
[Black "Fourcart, Marc"]
[Result "1-0"]
[WhiteElo "1993"]
[BlackElo "1729"]
[PlyCount "89"]
[EventDate "2014.10.16"]
[EventType "team-tourn"]
[EventRounds "7"]
[EventCountry "FRA"]
[SourceTitle "EXT 2024"]
[Source "ChessBase"]
[SourceDate "2023.10.10"]
[SourceVersion "1"]
[SourceVersionDate "2023.10.10"]
[SourceQuality "1"]

1. Nf3 Nf6 2. g3 g6 3. Bg2 Bg7 4. 0-0 0-0 5. d4 d5 6. c4 c5 7. dxc5 dxc4 8. Qc2 Nc6 9. Qxc4 Be6 10. Qb5 Qa5 11. Qxa5 Nxa5 12. Nc3 Nd5 13. Nxd5 Bxd5 14. Nd2 Bxg2 15. Kxg2 Rac8 16. Rb1 Nc6 17. b4 Rfd8 18. Nf3 Bc3 19. a3 Nd4 20. Nxd4 Bxd4 21. Bb2 b6 22. Bxd4 Rxd4 23. cxb6 axb6 24. Rfc1 Rdc4 25. Rxc4 Rxc4 26. a4 f6 27. Kf3 Kf7 28. Ke3 Ke6 29. a5 bxa5 30. bxa5 Ra4 31. Rb6+ Kd5 32. a6 Ra3+ 33. Kf4 Ra4+ 34. Kf3 f5 35. h3 e5 36. e3 Kc5 37. Rf6 Kd5 38. h4 e4+ 39. Kf4 Ra2 40. Kg5 Ke5 41. Rb6 Rxf2 42. Rb5+ Kd6 43. Ra5 Rg2 44. a7 Rxg3+ 45. Kf6 1-0

[Event "FRA-chT4 1415"]
[Site "Champagne Ardennes"]
[Date "2014.11.16"]
[Round "2.5"]
[White "Biniaux, Michael"]
[Black "Fourcart, Marc"]
[Result "1-0"]
[WhiteElo "1723"]
[BlackElo "1729"]
[PlyCount "73"]
[EventDate "2014.10.16"]
[EventType "team-tourn"]
[EventRounds "7"]
[EventCountry "FRA"]
[SourceTitle "EXT 2024"]
[Source "ChessBase"]
[SourceDate "2023.10.10"]
[SourceVersion "1"]
[SourceVersionDate "2023.10.10"]
[SourceQuality "1"]

1. d4 f5 2. c4 Nf6 3. Nc3 g6 4. Nf3 Bg7 5. Qc2 0-0 6. e4 d6 7. Bd3 fxe4 8. Nxe4 d5 9. Nxf6+ exf6 10. 0-0 f5 11. Bg5 Bf6 12. Bxf6 Qxf6 13. cxd5 c6 14. Qb3 Kh8 15. a4 cxd5 16. Qxd5 Nc6 17. Qc4 Bd7 18. d5 Ne7 19. Qb3 b6 20. Rac1 Rac8 21. Rc3 Qd6 22. Bc4 Rc5 23. Rd1 Rfc8 24. Ng5 Qf6 25. Ne6 Ra5 26. Bb5 Rxc3 27. bxc3 Bxb5 28. axb5 Nc8 29. Qc4 Nd6 30. Qc7 Ne8 31. Qd7 h5 32. Qxe8+ Kh7 33. d6 Qxc3 34. Ng5+ Kh6 35. Nf7+ Kh7 36. Qf8 Qd4 37. Ng5# 1-0

[Event "FRA-chT4"]
[Site "France"]
[Date "2013.02.10"]
[Round "6.7"]
[White "Fourcart, Marc"]
[Black "Shaverdashvili, Irakli"]
[Result "0-1"]
[WhiteElo "1691"]
[BlackElo "1660"]
[PlyCount "40"]
[EventDate "2012.10.24"]
[EventType "team-swiss"]
[EventRounds "9"]
[EventCountry "FRA"]
[SourceTitle "EXT 2014"]
[Source "ChessBase"]
[SourceDate "2013.11.20"]
[SourceVersion "1"]
[SourceVersionDate "2013.11.20"]
[SourceQuality "1"]

1. e4 c5 2. Nf3 Nc6 3. d4 e6 4. Nc3 d5 5. exd5 exd5 6. Bb5 Nf6 7. 0-0 Be7 8. dxc5 Bxc5 9. Re1+ Be6 10. Ne5 Qb6 11. Qf3 0-0 12. Nd3 Bd6 13. Bxc6 bxc6 14. Ne5 Rac8 15. b3 Rfe8 16. Na4 Qc7 17. Bb2 Ne4 18. Ng4 Bxg4 19. Qxg4 Bxh2+ 20. Kh1 Nxf2# 0-1

[Event "FRA-chT4"]
[Site "France"]
[Date "2013.01.27"]
[Round "5.7"]
[White "Monceau, Etienne"]
[Black "Fourcart, Marc"]
[Result "0-1"]
[WhiteElo "1450"]
[BlackElo "1691"]
[PlyCount "42"]
[EventDate "2012.10.24"]
[EventType "team-swiss"]
[EventRounds "9"]
[EventCountry "FRA"]
[SourceTitle "EXT 2014"]
[Source "ChessBase"]
[SourceDate "2013.11.20"]
[SourceVersion "1"]
[SourceVersionDate "2013.11.20"]
[SourceQuality "1"]

1. d4 Nf6 2. c4 g6 3. Nc3 d5 4. e3 Bg7 5. Bd2 0-0 6. h3 a6 7. Nf3 dxc4 8. Bxc4 b5 9. Bd3 Bb7 10. 0-0 Nbd7 11. Ng5 c5 12. dxc5 Nxc5 13. Be2 h6 14. Nf3 Qb6 15. b4 Nce4 16. Nxe4 Nxe4 17. Rc1 Rfd8 18. Qc2 Rac8 19. Qd1 Nxd2 20. Nxd2 Bc3 21. Qc2 Rxd2 0-1

[Event "FRA-chT4"]
[Site "France"]
[Date "2012.11.18"]
[Round "2.6"]
[White "Fourcart, Marc"]
[Black "Guillaume, Jean Francois"]
[Result "1-0"]
[WhiteElo "1691"]
[BlackElo "1853"]
[PlyCount "115"]
[EventDate "2012.10.24"]
[EventType "team-swiss"]
[EventRounds "9"]
[EventCountry "FRA"]
[SourceTitle "EXT 2014"]
[Source "ChessBase"]
[SourceDate "2013.11.20"]
[SourceVersion "1"]
[SourceVersionDate "2013.11.20"]
[SourceQuality "1"]

1. e4 c5 2. Nf3 e6 3. d4 cxd4 4. Nxd4 a6 5. Bc4 Qc7 6. Bb3 Nf6 7. Nc3 b5 8. a3 Bb7 9. Qd3 Nc6 10. Nxc6 Qxc6 11. f3 d6 12. Be3 Be7 13. 0-0 0-0 14. Rad1 Rac8 15. Kh1 Nd7 16. Bf4 Nc5 17. Qd2 Nxb3 18. cxb3 Rfd8 19. Bg5 f6 20. Be3 Kh8 21. Rc1 Qd7 22. b4 Rc6 23. Rfd1 Rdc8 24. Ne2 Rxc1 25. Rxc1 Rxc1+ 26. Qxc1 Qc6 27. Qxc6 Bxc6 28. Bb6 Kg8 29. Nd4 Bd7 30. Kg1 Kf7 31. Kf2 g6 32. g3 f5 33. exf5 gxf5 34. Ne2 e5 35. Ke3 Ke6 36. f4 Bc6 37. fxe5 dxe5 38. Nc3 Bg5+ 39. Ke2 Bc1 40. Nd1 Kd5 41. Ne3+ Ke4 42. Nd1 f4 43. Nf2+ Kf5 44. gxf4 Bxf4 45. h3 e4 46. Bd4 Bd5 47. Ng4 Bc4+ 48. Kf2 h5 49. Ne3+ Kg5 50. Nxc4 bxc4 51. a4 Kf5 52. b5 axb5 53. axb5 Ke6 54. b6 Kd5 55. Be3 Be5 56. Bc1 Bd4+ 57. Be3 Bf6 58. b7 1-0

[Event "Fourmies op 35th"]
[Site "Fourmies"]
[Date "2011.06.12"]
[Round "3"]
[White "Fourcart, Marc"]
[Black "Smailovic, Omer"]
[Result "0-1"]
[WhiteElo "1702"]
[BlackElo "2099"]
[PlyCount "50"]
[EventDate "2011.06.11"]
[EventType "swiss"]
[EventRounds "7"]
[EventCountry "FRA"]
[SourceTitle "CBM 142 Extra"]
[Source "ChessBase"]
[SourceDate "2011.06.27"]
[SourceVersion "1"]
[SourceVersionDate "2011.06.27"]
[SourceQuality "1"]

1. e4 e6 2. d4 b6 3. Bd3 Bb7 4. Ne2 c5 5. c3 Nc6 6. 0-0 Rc8 7. d5 Ne5 8. Bc2 Ba6 9. f4 Ng4 10. d6 Bxd6 11. Qxd6 Bxe2 12. h3 Bxf1 13. Kxf1 N4f6 14. Be3 Qc7 15. Qd1 Ne7 16. Nd2 Ng6 17. g3 0-0 18. Nc4 d5 19. exd5 exd5 20. Bxg6 hxg6 21. Ne5 Rcd8 22. Qa4 d4 23. cxd4 cxd4 24. Bxd4 Qb7 25. Qc6 Qa6+ 0-1

[Event "FRA-chT4 1011"]
[Site "Champagne Ardennes"]
[Date "2011.05.15"]
[Round "7.5"]
[White "Kerlau, Gildas"]
[Black "Fourcart, Marc"]
[Result "1/2-1/2"]
[WhiteElo "1790"]
[BlackElo "1702"]
[PlyCount "54"]
[EventDate "2010.10.10"]
[EventType "team-tourn"]
[EventRounds "7"]
[EventCountry "FRA"]
[SourceTitle "EXT 2024"]
[Source "ChessBase"]
[SourceDate "2023.10.10"]
[SourceVersion "1"]
[SourceVersionDate "2023.10.10"]
[SourceQuality "1"]

1. d4 Nf6 2. c4 g6 3. Nc3 d5 4. cxd5 Nxd5 5. e4 Nxc3 6. bxc3 Bg7 7. Bc4 0-0 8. Be3 c5 9. Ne2 cxd4 10. cxd4 Nc6 11. 0-0 a6 12. Qd2 Qa5 13. Qxa5 Nxa5 14. Rac1 Nxc4 15. Rxc4 b5 16. Rc7 Re8 17. Rfc1 b4 18. Nf4 e5 19. Nd5 exd4 20. Bg5 Be6 21. Nxb4 a5 22. Nd5 Reb8 23. Bf6 Bxd5 24. Bxg7 Kxg7 25. exd5 Rb5 26. d6 Rd8 27. d7 Rd5 1/2-1/2

[Event "Pays de Champagne op-A 1st"]
[Site "Recy"]
[Date "2010.05.13"]
[Round "1"]
[White "Neuhauser, Salome"]
[Black "Fourcart, Marc"]
[Result "1-0"]
[WhiteElo "2023"]
[BlackElo "1706"]
[PlyCount "57"]
[EventDate "2010.05.??"]
[EventType "swiss"]
[EventRounds "6"]
[EventCountry "FRA"]
[SourceTitle "EXT 2011"]
[Source "ChessBase"]
[SourceDate "2010.11.26"]
[SourceVersion "1"]
[SourceVersionDate "2010.11.26"]
[SourceQuality "1"]

1. e4 d5 2. exd5 Qxd5 3. Nc3 Qa5 4. d4 e5 5. dxe5 Bb4 6. Bd2 Qxe5+ 7. Qe2 Qxe2+ 8. Bxe2 Nf6 9. Nf3 0-0 10. 0-0 Nc6 11. a3 Ba5 12. b4 Bb6 13. Na4 Bf5 14. Nxb6 axb6 15. c4 Bc2 16. Rfc1 Ba4 17. Bf4 Rfe8 18. Re1 Re7 19. Bd3 Rxe1+ 20. Rxe1 Ne8 21. Be4 Kf8 22. Bxh7 g6 23. Bh6+ Ng7 24. b5 Nb8 25. Ne5 c6 26. Re3 cxb5 27. Rf3 bxc4 28. Rxf7+ Ke8 29. Rxg7 1-0

[Event "Charleville Mezieres op 5th"]
[Site "Charleville Mezieres"]
[Date "2008.??.??"]
[Round "3"]
[White "Fourcart, Marc"]
[Black "Djemouai, Medhi"]
[Result "1/2-1/2"]
[WhiteElo "1741"]
[BlackElo "1530"]
[PlyCount "122"]
[EventDate "2008.12.26"]
[EventType "swiss"]
[EventRounds "7"]
[EventCountry "FRA"]
[SourceTitle "CBM 128 Extra"]
[Source "ChessBase"]
[SourceDate "2009.03.05"]
[SourceVersion "2"]
[SourceVersionDate "2009.03.25"]
[SourceQuality "1"]

1. d4 Nf6 2. c4 g6 3. Nc3 Bg7 4. e4 d6 5. Bg5 0-0 6. Qd2 e5 7. dxe5 dxe5 8. Qxd8 Rxd8 9. Nd5 Nbd7 10. Nxc7 Rb8 11. f3 Nb6 12. Nd5 Nbxd5 13. cxd5 Rd6 14. Be3 b6 15. a4 a5 16. Rc1 Bd7 17. b3 Ne8 18. Bc4 f5 19. Ne2 fxe4 20. fxe4 Nf6 21. Nc3 Ng4 22. Bg5 Bf6 23. h4 h6 24. Bd2 Rf8 25. Bb5 h5 26. Bxd7 Rxd7 27. Nb5 Bd8 28. Bg5 Nf2 29. 0-0 Nxe4 30. Rxf8+ Kxf8 31. Bxd8 Rxd8 32. Rc6 Rxd5 33. Rxg6 Nd2 34. Rxb6 Nxb3 35. Nc3 Rd3 36. Rxb3 e4 37. Rb8+ Kf7 38. Nxe4 Rd4 39. Ng5+ Kg6 40. Rg8+ Kf6 41. Rf8+ Ke7 42. Rf7+ Ke8 43. g3 Rxa4 44. Rf3 Rb4 45. Ra3 Rb5 46. Ne4 Ke7 47. Kf2 Ke6 48. Rf3 Rb2+ 49. Ke1 a4 50. Ra3 Rb1+ 51. Kd2 Rb4 52. Rxa4 Rxa4 53. Nc5+ Kf5 54. Nxa4 Kg4 55. Ke3 Kxg3 56. Nc5 Kxh4 57. Kf4 Kh3 58. Kf3 Kh2 59. Kf2 Kh3 60. Kf3 Kh2 61. Ne4 Kg1 1/2-1/2

[Event "Charleville Mezieres op 5th"]
[Site "Charleville Mezieres"]
[Date "2008.??.??"]
[Round "7"]
[White "Fourcart, Marc"]
[Black "Fauchart, Francois"]
[Result "1/2-1/2"]
[WhiteElo "1741"]
[BlackElo "1530"]
[PlyCount "43"]
[EventDate "2008.12.26"]
[EventType "swiss"]
[EventRounds "7"]
[EventCountry "FRA"]
[SourceTitle "CBM 128 Extra"]
[Source "ChessBase"]
[SourceDate "2009.03.05"]
[SourceVersion "2"]
[SourceVersionDate "2009.03.25"]
[SourceQuality "1"]

1. e4 c5 2. Nf3 e6 3. d4 cxd4 4. Nxd4 Nf6 5. Nc3 Bb4 6. Bd3 e5 7. Nde2 d5 8. 0-0 0-0 9. Bg5 Be7 10. Bxf6 gxf6 11. Nxd5 Bc5 12. b4 Bd6 13. Ng3 Be6 14. c4 Bxd5 15. cxd5 Bxb4 16. Nf5 Kh8 17. Rb1 a5 18. a3 Bxa3 19. Rxb7 Bb4 20. Qh5 Nd7 21. Bb5 Rb8 22. Rxd7 1/2-1/2

[Event "Charleville Mezieres op 5th"]
[Site "Charleville Mezieres"]
[Date "2008.??.??"]
[Round "5"]
[White "Fourcart, Marc"]
[Black "Guyon, Estelle"]
[Result "1-0"]
[WhiteElo "1741"]
[BlackElo "1570"]
[PlyCount "67"]
[EventDate "2008.12.26"]
[EventType "swiss"]
[EventRounds "7"]
[EventCountry "FRA"]
[SourceTitle "CBM 128 Extra"]
[Source "ChessBase"]
[SourceDate "2009.03.05"]
[SourceVersion "2"]
[SourceVersionDate "2009.03.25"]
[SourceQuality "1"]

1. e4 c5 2. Nf3 d6 3. d4 cxd4 4. Nxd4 Nf6 5. Nc3 Nc6 6. f3 e6 7. Bg5 Be7 8. Bc4 h6 9. Be3 0-0 10. Qd2 a6 11. g4 Nxd4 12. Bxd4 b5 13. Bd3 b4 14. Ne2 a5 15. h4 Ba6 16. Bxa6 Rxa6 17. g5 hxg5 18. hxg5 Nh7 19. f4 e5 20. Be3 exf4 21. Nxf4 Bxg5 22. Qh2 Bh6 23. Nd5 Ng5 24. 0-0-0 Re8 25. Rdg1 Re5 26. Kb1 f6 27. Qf4 Ra7 28. Rxh6 Rxe4 29. Nxf6+ gxf6 30. Rxg5+ fxg5 31. Qxe4 Rf7 32. Qh1 Qd7 33. Rh8+ Kg7 34. Qh6# 1-0

[Event "Charleville Mezieres op 5th"]
[Site "Charleville Mezieres"]
[Date "2008.??.??"]
[Round "6"]
[White "Matschek, Norbert"]
[Black "Fourcart, Marc"]
[Result "1/2-1/2"]
[WhiteElo "1766"]
[BlackElo "1741"]
[PlyCount "54"]
[EventDate "2008.12.26"]
[EventType "swiss"]
[EventRounds "7"]
[EventCountry "FRA"]
[SourceTitle "CBM 128 Extra"]
[Source "ChessBase"]
[SourceDate "2009.03.05"]
[SourceVersion "2"]
[SourceVersionDate "2009.03.25"]
[SourceQuality "1"]

1. e4 d5 2. exd5 Qxd5 3. Nc3 Qa5 4. d4 e5 5. dxe5 Bb4 6. Bd2 Nc6 7. Nf3 Bg4 8. Be2 0-0-0 9. Ng5 Be6 10. Nxe6 fxe6 11. 0-0 Nxe5 12. Qe1 Nf6 13. a3 Bxc3 14. Bxc3 Qd5 15. Rd1 Qe4 16. f3 Qe3+ 17. Qf2 Qxf2+ 18. Kxf2 Nc6 19. Bb5 Ne7 20. Bc4 Ned5 21. Bxd5 exd5 22. Bxf6 gxf6 23. Rfe1 Rd7 24. Re6 Rf8 25. Rde1 c6 26. Re7 Kc7 27. Re8 Rff7 1/2-1/2

[Event "Charleville Mezieres op 5th"]
[Site "Charleville Mezieres"]
[Date "2008.??.??"]
[Round "2"]
[White "Szylar, Eric"]
[Black "Fourcart, Marc"]
[Result "1-0"]
[WhiteElo "2086"]
[BlackElo "1741"]
[PlyCount "63"]
[EventDate "2008.12.26"]
[EventType "swiss"]
[EventRounds "7"]
[EventCountry "FRA"]
[SourceTitle "CBM 128 Extra"]
[Source "ChessBase"]
[SourceDate "2009.03.05"]
[SourceVersion "2"]
[SourceVersionDate "2009.03.25"]
[SourceQuality "1"]

1. e4 d5 2. exd5 Qxd5 3. Nc3 Qa5 4. d4 e5 5. dxe5 Bb4 6. Bd2 Qxe5+ 7. Be2 Nc6 8. Nf3 Qd6 9. a3 Ba5 10. 0-0 Nf6 11. Nb5 Qd8 12. Bxa5 Nxa5 13. Qe1 Nc6 14. Bc4+ Kf8 15. Rd1 Nd7 16. Qd2 a6 17. Qf4 Qf6 18. Qxf6 gxf6 19. Nxc7 Rb8 20. Rfe1 Nde5 21. Nxe5 fxe5 22. c3 Bf5 23. Nd5 Kg7 24. Ne3 Bg6 25. Rd7 Rhd8 26. Red1 Rxd7 27. Rxd7 b5 28. Bd5 Na5 29. Rd6 Nc4 30. Bxc4 bxc4 31. Nxc4 Rb3 32. Rb6 1-0

[Event "Val Thorens op 33th"]
[Site "Val Thorens"]
[Date "2007.07.20"]
[Round "7"]
[White "Fourcart, Marc"]
[Black "Bordet, Jacky"]
[Result "1-0"]
[WhiteElo "1759"]
[BlackElo "1810"]
[PlyCount "117"]
[EventDate "2007.07.14"]
[EventType "swiss"]
[EventRounds "9"]
[EventCountry "FRA"]
[SourceTitle "EXT 2010"]
[Source "ChessBase"]
[SourceDate "2010.11.25"]
[SourceVersion "1"]
[SourceVersionDate "2010.11.25"]
[SourceQuality "1"]

1. d4 Nf6 2. Nf3 g6 3. e3 Bg7 4. Bd3 d5 5. 0-0 0-0 6. b3 c6 7. Bb2 a5 8. a3 Na6 9. Nbd2 Nc7 10. c4 b6 11. Ne5 Bd7 12. Rc1 Rc8 13. Rc2 Nce8 14. Qe2 Nd6 15. f3 Re8 16. g4 Bh8 17. Qg2 e6 18. h4 Rf8 19. f4 Qe7 20. h5 Be8 21. a4 Nd7 22. hxg6 fxg6 23. Ba3 c5 24. cxd5 Nxe5 25. dxe5 exd5 26. Qxd5+ Nf7 27. Qg2 Bc6 28. Qg3 Bg7 29. e4 Kh8 30. Nc4 Qd8 31. Rh2 Qd4+ 32. Qe3 Qxe3+ 33. Nxe3 Rcd8 34. Rd1 Rfe8 35. Rhd2 Kg8 36. Nc4 Rd4 37. Nxb6 Bxe4 38. Bxc5 Rxd3 39. Rxd3 Bxd3 40. Rxd3 Nd8 41. Nc4 Nb7 42. Bb6 Ra8 43. Rd7 Rb8 44. Ba7 Nc5 45. Bxc5 Rxb3 46. Rd8+ Kf7 47. Nxa5 Rg3+ 48. Kf2 Rxg4 49. Kf3 Rh4 50. Nc6 Bh6 51. Rd4 Rh3+ 52. Ke4 Rc3 53. Kd5 Rf3 54. e6+ Ke8 55. e7 Bxf4 56. Ke4 Rf1 57. Rd8+ Kf7 58. e8Q+ Kg7 59. Qf8# 1-0

[Event "Val Thorens op 33th"]
[Site "Val Thorens"]
[Date "2007.07.16"]
[Round "3"]
[White "Fourcart, Marc"]
[Black "Bernard, Jean"]
[Result "0-1"]
[WhiteElo "1759"]
[BlackElo "1913"]
[PlyCount "138"]
[EventDate "2007.07.14"]
[EventType "swiss"]
[EventRounds "9"]
[EventCountry "FRA"]
[SourceTitle "EXT 2010"]
[Source "ChessBase"]
[SourceDate "2010.11.25"]
[SourceVersion "1"]
[SourceVersionDate "2010.11.25"]
[SourceQuality "1"]

1. d4 d5 2. Nf3 Nf6 3. e3 Bg4 4. Nbd2 e6 5. Bd3 c5 6. c4 cxd4 7. exd4 Nc6 8. Qa4 dxc4 9. Bxc4 Bxf3 10. Nxf3 Bb4+ 11. Ke2 0-0 12. Rd1 a6 13. Qc2 Be7 14. Be3 Nb4 15. Qb1 b5 16. Bb3 Rc8 17. a3 Nbd5 18. Qd3 Nxe3 19. fxe3 Nd5 20. Rac1 Qd6 21. g3 f5 22. Bxd5 Qxd5 23. Rc2 Rxc2+ 24. Qxc2 g5 25. Rf1 g4 26. Ne5 Bd6 27. Nd7 Rf7 28. Nc5 Rc7 29. b4 a5 30. Kf2 axb4 31. axb4 Qf3+ 32. Ke1 Qxe3+ 33. Qe2 Qxe2+ 34. Kxe2 Kf7 35. Re1 Ra7 36. Kf1 Bxc5 37. dxc5 Ra2 38. Rc1 Ke7 39. c6 Kd8 40. Rc5 Ra6 41. Rxb5 Rxc6 42. Rb8+ Rc8 43. Rb7 Rc7 44. Rb8+ Kd7 45. b5 Rc1+ 46. Ke2 Kc7 47. Re8 Kd7 48. Rb8 Rc2+ 49. Kd3 Rxh2 50. Kd4 Kc7 51. Re8 Rd2+ 52. Ke5 Kd7 53. Rb8 Re2+ 54. Kf4 Kc7 55. Rh8 h6 56. Rxh6 Kb6 57. Rh7 Kxb5 58. Rd7 Kc6 59. Rd8 Re4+ 60. Kg5 Re3 61. Kf4 Rf3+ 62. Ke5 Rxg3 63. Kxe6 f4 64. Rc8+ Kb7 65. Rf8 f3 66. Ke5 Rg2 67. Ke4 f2 68. Ke3 g3 69. Ke2 Rg1 0-1

[Event "FRA-chT4 0506"]
[Site "France"]
[Date "2006.??.??"]
[Round "7"]
[White "Pelade, Thierry"]
[Black "Fourcart, Marc"]
[Result "1/2-1/2"]
[WhiteElo "1720"]
[BlackElo "1700"]
[PlyCount "116"]
[EventDate "2005.10.02"]
[EventType "team"]
[EventRounds "9"]
[EventCountry "FRA"]
[SourceTitle "EXT 2007"]
[Source "ChessBase"]
[SourceDate "2006.11.23"]
[SourceVersion "1"]
[SourceVersionDate "2006.11.23"]
[SourceQuality "1"]

1. Nf3 d5 2. d4 Nf6 3. g3 g6 4. Bg2 Bg7 5. 0-0 0-0 6. Re1 Nbd7 7. Nbd2 c5 8. c4 cxd4 9. Nxd4 dxc4 10. Nxc4 Nb6 11. Qd3 Qc7 12. Nxb6 Qxb6 13. Rb1 Rd8 14. Be3 Qd6 15. Qb3 a6 16. Red1 Qb8 17. Nf3 Be6 18. Rxd8+ Qxd8 19. Qxb7 Bd5 20. Qb6 Qxb6 21. Bxb6 Bxa2 22. Ra1 Bc4 23. Bc5 Rb8 24. b4 Nd5 25. Rb1 Bxe2 26. Nd2 e6 27. Bxd5 exd5 28. Re1 Bb5 29. Nf3 Bc3 30. Rc1 Bg7 31. Kg2 Re8 32. Nd4 Bc4 33. Rb1 f5 34. b5 axb5 35. Nxb5 Rb8 36. Na3 Rxb1 37. Nxb1 Kf7 38. f4 Ke6 39. Kf2 d4 40. Nd2 Ba6 41. Nf3 Kd5 42. Bb4 h6 43. Nh4 Kc4 44. Ba5 d3 45. Ke1 Bc3+ 46. Bxc3 Kxc3 47. Kd1 Kd4 48. Kd2 Ke4 49. Nxg6 Kf3 50. Ne7 Ke4 51. Ng8 h5 52. Nf6+ Kf3 53. Nxh5 Kg2 54. h4 Bc4 55. Ng7 Kxg3 56. h5 Kxf4 57. h6 Bg8 58. Kxd3 Kg5 1/2-1/2

[Event "Val Thorens op"]
[Site "Val Thorens"]
[Date "2002.07.21"]
[Round "3"]
[White "Fourcart, Marc"]
[Black "Hauseux, Bernard"]
[Result "0-1"]
[WhiteElo "1960"]
[BlackElo "1830"]
[PlyCount "90"]
[EventDate "2002.07.15"]
[EventType "swiss"]
[EventRounds "9"]
[EventCountry "FRA"]
[SourceTitle "EXT 2003"]
[Source "ChessBase"]
[SourceDate "2002.11.25"]
[SourceVersion "1"]
[SourceVersionDate "2002.11.25"]
[SourceQuality "1"]

1. d4 Nf6 2. Nf3 g6 3. c4 Bg7 4. Nc3 d5 5. cxd5 Nxd5 6. e4 Nxc3 7. bxc3 c5 8. Be3 Nc6 9. Rc1 cxd4 10. cxd4 0-0 11. Be2 Bg4 12. e5 Qa5+ 13. Qd2 Rfd8 14. Qxa5 Nxa5 15. Rc7 Bf8 16. 0-0 h6 17. h3 Bc8 18. Rd1 e6 19. Nh2 Rd7 20. Rdc1 Nc6 21. Rxd7 Bxd7 22. f4 Ne7 23. g4 Bc6 24. Bf3 Bxf3 25. Nxf3 Nd5 26. Kf2 Kg7 27. Rc4 Bb4 28. Ke2 a5 29. Kd3 b5 30. Rc6 Be7 31. Ke2 b4 32. Nd2 Nc3+ 33. Kd3 Nxa2 34. Rc7 Bf8 35. Ne4 a4 36. Nd6 Bxd6 37. exd6 Nc3 38. Rb7 Nd5 39. Bd2 a3 40. d7 a2 41. d8Q Rxd8 42. Ra7 b3 43. Bc3 Rc8 44. Bb2 Rc2 45. Rxa2 Nxf4+ 0-1